Les 50 personnages des Aventures de Tintin - Statistiques

Statistiques générales
  • Ce quiz a été pris 222 fois
    184 depuis la dernière actualisation
  • Le résultat moyen est 26 sur 50
Statistiques - réponses
Hint Réponse % Correct
1 Tintin
100%
3 Haddock
99%
2 Milou
99%
4 Tournesol
98%
7 Castafiore
96%
5 Dupond
94%
6 Dupont
94%
9 Rastapopoulos
87%
50 Nestor Halambique
82%
10 Tchang
81%
14 Docteur Müller
79%
8 Nestor
79%
15 Abdallah
77%
16 Allan
76%
11 Alcazar
74%
20 Irma
74%
13 Lampion
71%
21 Wagner
60%
17 Szut
58%
18 Wolff
54%
23 Zorrino
51%
22 Frères Loiseau
47%
26 Général Tapioca
47%
28 Colonel Sponsz
45%
27 Mitsuhirato
45%
32 Carreidas
44%
19 Colonel Boris (Jorgen)
44%
33 Bergamotte
42%
12 Oliveira Da Figuerira
39%
36 Didi
36%
40 Professeur Siclone
36%
29 Yéti
36%
24 Rackham le Rouge
33%
37 Emir Ben Kalish Ezab
33%
30 Rascar Capac
31%
34 Baxter
30%
31 Coco
30%
25 Chevalier De Hadoque
27%
48 Professeur Calys
25%
47 Ranko
25%
45 Ramon Bada
22%
44 Tharkey
22%
49 Alfred Halambique
21%
41 Bobby Smiles
21%
39 maharadjah Rawhajpoutalah
21%
46 Alonso Perez
20%
42 Sakharine
18%
35 Capitaine Chester
17%
43 Pablo
15%
38 Monsieur Wang
9%
Aucun quiz correspondant
Distribution des résultats
% des personnes avec chaque résultat
Percentile par nombre de réponses
Votre historique - résultats
Vous n’avez pas pris ce quiz depuis la dernière actualisation